| 000 | 00581nam a22001697a 4500 | ||
|---|---|---|---|
| 005 | 20120416125351.0 | ||
| 020 |
_a818527472X _c00.00 |
||
| 035 | _aA-482037 | ||
| 037 |
_aDPL _bENG |
||
| 100 |
_aCox, Peter R. _945163 |
||
| 245 |
_aDemography / _cby Peter R. Cox |
||
| 250 | _a5th ed. | ||
| 260 |
_aNew Delhi _bUniversal Book Stall _c1990 |
||
| 300 |
_aix, 393p. _c20 cms. |
||
| 942 |
_2ddc _cEN _h304.6 _mCOX |
||
| 999 |
_c65051 _d65051 |
||